000 01101nam a22002657a 4500
005 20140408112116.0
008 140408s1994 enk||||gr|||| 00| 0 eng d
041 _aeng
044 _aenk
082 _a590.7
_bO96p
110 2 _aOverseas Development Administration
_bWorld Conservation Monitoring Centre
_923541
242 1 0 _aPrioridades para la conservación de la riqueza de especies globales y nativas
_cOverseas Development Administration
_yspa
245 1 0 _aPriorities for conserving global species richness and endemism
_cOverseas Development Administration
260 _aInglaterra
_bOverseas Development Administration
_c1994
300 _a30 p.
_c30 cm
504 _aIncluye bibliografía (páginas 26 - 30)
590 _a242 traducción por la agencia catalogadora
650 4 _aBiodiversidad
_xConocimiento
_923542
650 4 _aBiodiversidad
_xAmenazas
_923543
650 4 _aBiodiversidad
_xNecesidades
_923544
650 4 _aBiodiversidad
_xDirectrices
_923545
650 4 _aBiodiversidad
_xEstudio
_923546
650 4 _aBiodiversidad
_vPrácticas
_xGestión
_923547
942 _2ddc
_cImpreso
999 _c8374
_d8374